| 000 | 00363nam a2200145Ia 4500 | ||
|---|---|---|---|
| 008 | 230524s9999 xx 000 0 und d | ||
| 020 | _a9788183714570 | ||
| 100 | _aPrashant Kumar Patra | ||
| 245 | 0 | _aMobile Computing | |
| 260 | _bScitech Publications | ||
| 500 | _aQuantity Number: 50 | ||
| 650 | _aElectronics | ||
| 700 | _aSanjit Kumar Dash | ||
| 942 | _cBK | ||
| 999 |
_c51104 _d51104 |
||